000 00832nam a2200253Ia 4500
003 OSt
005 20221005111609.0
006 a|||||r|||| 00| 0
007 ta
008 221004b |||||||| |||| 00| 0 hin d
024 _a21978
037 _cTextual
040 _aCRL
_cCRL
_bhin
041 _2hin
_ahin
082 _aDelta3, 152M5
100 _aजैन, पुष्पलता
245 0 _aजैन रहस्यवाद
246 _aJain rahasyavāda
260 _aनागपुर
_bसन्मति विद्यापीठ भारत
_c1985
300 _a262पु0
_ccm.
650 _aआध्यात्मिक अनुभव और रहस्यवाद
942 _hDelta3, 152M5
_cTEXL
_2cc
999 _c1022298
_d1022298